00384nam a2200145Ia 4500008004100000020002200041041000800063082001600071100002000087245004600107260004700153300000900200906001200209999001700221221007s9999 xx 000 0 und d a978-0-00-725930-4 aeng a920.72bFRA aFrank K9102509 aIndira : The Llife of Indira Nehru Gandhi c2007bHarper Collins PublishersaNew Delhi a567p bGeneral c69762d69762